[Event "3. ODEM U25 2006"]
[Site "Willingen GER"]
[Date "2006.06.09"]
[Round "8"]
[White "Kamrla, Robin"]
[Black "Häcker, Katrin"]
[Result "1/2-1/2"]
[Termination "normal"]
[Board "33"]
[WhiteElo "1532"]
[BlackElo "1457"]
[PlyCount "63"]
[BlackFideId "24667986"]
[EventCountry "GER"]
[EventRounds "9"]
[EventType "swiss"]
[EventDate "2006.06.03"]

1. e4 e5 2. Nf3 Nc6 3. d4 exd4 4. Bc4 Nf6 5. e5 d5 6. Bb5 Ne4 7. Nxd4 Bd7 8.
Bxc6 bxc6 9. O-O Bc5 10. Be3 Bb6 11. f3 Ng5 12. f4 Ne4 13. c3 O-O 14. Nd2 Nxd2
15. Qxd2 Re8 16. Rae1 f6 17. Bf2 fxe5 18. fxe5 c5 19. Nb3 Bb5 20. e6 Bxf1 21.
e7 Qd6 22. Kxf1 c4 23. Nd4 Bxd4 24. Qxd4 c5 25. Qxc5 Qxc5 26. Bxc5 Rac8 27. Bb4
Rc7 28. Re5 Rd7 29. Rf5 Rdxe7 30. Bxe7 Rxe7 31. Rxd5 Rb7 32. Rd8+ 1/2-1/2

[Event "3. ODEM U25 2006"]
[Site "Willingen GER"]
[Date "2006.06.09"]
[Round "8"]
[White "Imcke, Patrick"]
[Black "Müller, Alexander"]
[Result "0-1"]
[Termination "normal"]
[Board "34"]
[WhiteElo "1186"]
[BlackElo "1469"]
[PlyCount "58"]
[WhiteFideId "4622502"]
[BlackFideId "4624696"]
[EventCountry "GER"]
[EventRounds "9"]
[EventType "swiss"]
[EventDate "2006.06.03"]

1. e4 c5 2. Nc3 d6 3. f4 Nc6 4. Nf3 g6 5. Bc4 Bg7 6. O-O e6 7. d3 Nge7 8. Qe1
O-O 9. f5 d5 10. Bb3 d4 11. Ne2 exf5 12. Qh4 Ne5 13. Ng5 h6 14. Nf3 N7c6 15.
Qg3 Kh7 16. Bf4 Qe7 17. h4 Nxf3+ 18. Rxf3 Ne5 19. Kf2 Rd8 20. Bxe5 Bxe5 21. Nf4
Bxf4 22. Rxf4 Re8 23. Re1 Bd7 24. a4 a6 25. Qf3 Qf6 26. Qg3 Be6 27. e5 Qg7 28.
Kg1 Bxb3 29. cxb3 Rxe5 0-1

[Event "3. ODEM U25 2006"]
[Site "Willingen GER"]
[Date "2006.06.09"]
[Round "8"]
[White "Emde, Daniel"]
[Black "Worpenberg, Matthias"]
[Result "1-0"]
[Termination "normal"]
[Board "35"]
[WhiteElo "1636"]
[BlackElo "951"]
[PlyCount "55"]
[WhiteFideId "24602221"]
[BlackFideId "24618128"]
[EventCountry "GER"]
[EventRounds "9"]
[EventType "swiss"]
[EventDate "2006.06.03"]

1. d4 d5 2. Bg5 Nc6 3. e3 e5 4. Bxd8 Kxd8 5. dxe5 Nxe5 6. Qxd5+ Nd7 7. Nf3 f6
8. Nc3 Bb4 9. Be2 Ne7 10. Qd2 Ke8 11. O-O Nc5 12. Qd4 Nc6 13. Bb5 a5 14. Bxc6+
bxc6 15. a3 Bxc3 16. Qxc5 Bxb2 17. Qxc6+ Bd7 18. Qxa8+ Ke7 19. Qxh8 Bxa1 20.
Rxa1 g5 21. Qxh7+ Ke6 22. Rd1 Ba4 23. g4 f5 24. gxf5+ Kf6 25. Qg6+ Ke7 26. Qe6+
Kf8 27. Rd8+ Kg7 28. Qg6# 1-0

[Event "3. ODEM U25 2006"]
[Site "Willingen GER"]
[Date "2006.06.09"]
[Round "8"]
[White "Tiemann, Christoph"]
[Black "Kabitzke, Julian"]
[Result "1-0"]
[Termination "normal"]
[Board "36"]
[WhiteElo "1536"]
[BlackElo "1363"]
[PlyCount "95"]
[WhiteFideId "24676900"]
[BlackFideId "24669547"]
[EventCountry "GER"]
[EventRounds "9"]
[EventType "swiss"]
[EventDate "2006.06.03"]

1. e4 e6 2. d4 d5 3. Nd2 Nf6 4. e5 Nfd7 5. f4 c5 6. c3 Nc6 7. Ndf3 cxd4 8. cxd4
Qb6 9. Ne2 f6 10. b3 fxe5 11. fxe5 Be7 12. g3 O-O 13. Bg2 h6 14. Qd3 Rf5 15. a3
Na5 16. b4 Nc4 17. Nf4 Nf8 18. Bh3 Rf7 19. O-O Bd7 20. Rf2 Bb5 21. Ng6 Nxe5 22.
Nxe7+ Rxe7 23. Qd1 Nd3 24. Rd2 Nxc1 25. Rxc1 e5 26. Rc5 e4 27. Ne5 Rd8 28. Qb3
Bc6 29. Rdc2 Rd6 30. a4 Nd7 31. a5 Nxc5 32. dxc5 Qd8 33. cxd6 Rxe5 34. b5 Bd7
35. Bxd7 Qxd7 36. Rc7 Qxd6 37. Rxb7 Qc5+ 38. Kg2 Rf5 39. Qb2 Rf7 40. Rxf7 Kxf7
41. Qf2+ Qxf2+ 42. Kxf2 Ke6 43. b6 axb6 44. a6 d4 45. a7 d3 46. a8=Q d2 47.
Qxe4+ Kf7 48. Qf4+ 1-0

[Event "3. ODEM U25 2006"]
[Site "Willingen GER"]
[Date "2006.06.09"]
[Round "8"]
[White "Eigemann, Julian"]
[Black "Lebeda, Lukas"]
[Result "1-0"]
[Termination "normal"]
[Board "37"]
[WhiteElo "1468"]
[BlackElo "1253"]
[PlyCount "85"]
[WhiteFideId "24666599"]
[EventCountry "GER"]
[EventRounds "9"]
[EventType "swiss"]
[EventDate "2006.06.03"]

1. e4 c5 2. Nc3 g6 3. f4 Bg7 4. Nf3 d6 5. Bc4 Nf6 6. O-O O-O 7. d3 Nc6 8. Qe1
Bg4 9. e5 dxe5 10. fxe5 Nd7 11. e6 Nde5 12. exf7+ Nxf7 13. Ng5 Nce5 14. Bxf7+
Nxf7 15. Qh4 Nxg5 16. Rxf8+ Qxf8 17. Bxg5 Bxc3 18. bxc3 Bf5 19. Bxe7 Qg7 20.
Qc4+ Qf7 21. Qxf7+ Kxf7 22. Bxc5 Rc8 23. Bd4 b5 24. Kf2 a6 25. a4 Bd7 26. axb5
axb5 27. Ra7 Ke8 28. Ke3 h5 29. Be5 b4 30. c4 Be6 31. Rh7 Rc5 32. Bd6 Rg5 33.
Re7+ Kd8 34. Rxe6 Rxg2 35. Bxb4 Rxc2 36. Rxg6 Rxh2 37. Rh6 Rh3+ 38. Kd4 Rh4+
39. Kc5 Rh3 40. d4 Rh4 41. Rh7 Rh1 42. Kc6 Re1 43. Rh8+ 1-0

[Event "3. ODEM U25 2006"]
[Site "Willingen GER"]
[Date "2006.06.09"]
[Round "8"]
[White "Kahleys, Kevin"]
[Black "Weißbeck, Joachim Daniel"]
[Result "1-0"]
[Termination "normal"]
[Board "38"]
[WhiteElo "1448"]
[BlackElo "1233"]
[PlyCount "71"]
[WhiteFideId "24669601"]
[BlackFideId "4639227"]
[EventCountry "GER"]
[EventRounds "9"]
[EventType "swiss"]
[EventDate "2006.06.03"]

1. e4 e5 2. Nf3 Nf6 3. Nxe5 d6 4. Nf3 Nxe4 5. d3 Nf6 6. Nc3 Be7 7. Be2 O-O 8.
O-O Bg4 9. h3 Bh5 10. Re1 c6 11. Nd4 Bg6 12. Bg4 Nxg4 13. Qxg4 Nd7 14. Bf4 Nf6
15. Qf3 d5 16. Bg5 Qd7 17. Nde2 Rfe8 18. Nf4 h6 19. Bh4 Bh7 20. Bg3 Bb4 21.
Nfe2 Re6 22. a3 Ba5 23. b4 Bb6 24. Na4 Rae8 25. Kf1 Qd8 26. Nf4 Rxe1+ 27. Rxe1
Rxe1+ 28. Kxe1 Nd7 29. Nxb6 Nxb6 30. Qe3 Bf5 31. Qe5 Bd7 32. Nh5 Qe8 33. Nxg7
Qxe5+ 34. Bxe5 Nc8 35. Nh5 Ne7 36. Nf6+ 1-0

[Event "3. ODEM U25 2006"]
[Site "Willingen GER"]
[Date "2006.06.09"]
[Round "8"]
[White "Kinzel, Franziska"]
[Black "Bauer, Hermann"]
[Result "1-0"]
[Termination "normal"]
[Board "39"]
[WhiteElo "1426"]
[BlackElo "1022"]
[PlyCount "103"]
[BlackFideId "24601730"]
[EventCountry "GER"]
[EventRounds "9"]
[EventType "swiss"]
[EventDate "2006.06.03"]

1. e4 e5 2. Nf3 Nc6 3. d4 exd4 4. Nxd4 Nf6 5. Bg5 Be7 6. f3 h6 7. Be3 d5 8.
exd5 Nxd4 9. Bxd4 Qxd5 10. Be2 c5 11. Bf2 Qxd1+ 12. Bxd1 O-O 13. O-O b6 14. Re1
Re8 15. Nc3 Ba6 16. Be2 Bxe2 17. Rxe2 a6 18. a4 Rad8 19. Rae1 Bd6 20. Rxe8+
Nxe8 21. h3 Nf6 22. Rd1 Bc7 23. Re1 Rd2 24. Re2 Rxe2 25. Nxe2 Be5 26. b3 Nd5
27. g3 Nc3 28. Nxc3 Bxc3 29. Kf1 g6 30. Ke2 a5 31. Kd3 Bf6 32. Be3 h5 33. Kc4
Kf8 34. Kb5 Bd8 35. c3 Ke8 36. b4 axb4 37. cxb4 cxb4 38. Kxb4 Bc7 39. g4 hxg4
40. hxg4 f5 41. gxf5 gxf5 42. Kb5 Kd8 43. Bxb6 Bxb6 44. Kxb6 Kc8 45. f4 Kb8 46.
Kc6 Ka7 47. Kd5 Ka6 48. Ke5 Ka5 49. Kxf5 Kxa4 50. Ke6 Kb5 51. f5 Kc6 52. f6 1-0

[Event "3. ODEM U25 2006"]
[Site "Willingen GER"]
[Date "2006.06.09"]
[Round "8"]
[White "Vetter, Ulf"]
[Black "Wenninger, Philipp"]
[Result "0-1"]
[Termination "normal"]
[Board "40"]
[WhiteElo "1376"]
[BlackElo "1021"]
[PlyCount "80"]
[BlackFideId "4648404"]
[EventCountry "GER"]
[EventRounds "9"]
[EventType "swiss"]
[EventDate "2006.06.03"]

1. e4 c5 2. Nf3 Nc6 3. d4 cxd4 4. Nxd4 g6 5. Nc3 Bg7 6. Be3 d6 7. Bc4 Nf6 8.
O-O O-O 9. Qd2 Ng4 10. Nxc6 bxc6 11. Bd4 Ne5 12. Be2 c5 13. Bxe5 Bxe5 14. f4
Bd4+ 15. Kh1 Rb8 16. b3 Qa5 17. Rf3 Bg4 18. Rd3 Bxe2 19. Qxe2 Bxc3 20. Rad1 Bg7
21. f5 Qxa2 22. fxg6 fxg6 23. Rh3 Rb4 24. g3 Bd4 25. Qd3 Be5 26. Qe2 Kh8 27.
Rd3 Rd4 28. Rxd4 Bxd4 29. Qd1 Rf2 30. Rh4 Qxc2 31. Qg1 Qe2 32. Rf4 Rxf4 33.
gxf4 Bxg1 34. Kxg1 e6 35. e5 d5 36. b4 cxb4 37. f5 gxf5 38. h4 b3 39. h5 b2 40.
h6 b1=Q# 0-1

[Event "3. ODEM U25 2006"]
[Site "Willingen GER"]
[Date "2006.06.09"]
[Round "8"]
[White "Biebinger, Eva"]
[Black "Groß, Jonathan"]
[Result "1-0"]
[Termination "normal"]
[Board "41"]
[WhiteElo "1344"]
[BlackElo "1008"]
[PlyCount "85"]
[EventCountry "GER"]
[EventRounds "9"]
[EventType "swiss"]
[EventDate "2006.06.03"]

1. c4 e5 2. Nc3 Nf6 3. g3 Bc5 4. e3 Nc6 5. Nge2 d6 6. Bg2 Bg4 7. a3 Qd7 8. b4
Bb6 9. O-O a6 10. Re1 O-O 11. Bb2 Rfe8 12. Qc2 Bh3 13. Bh1 Bf5 14. e4 Bh3 15.
Nd5 Ng4 16. Nxb6 cxb6 17. f4 exf4 18. Nxf4 Nce5 19. Nxh3 Qc7 20. d3 Re6 21.
Bxe5 dxe5 22. Qe2 a5 23. Qxg4 Qd6 24. Nf2 Rf6 25. Qe2 Qd4 26. Qe3 Qb2 27. Qe2
Qd4 28. Ra2 axb4 29. axb4 Rxa2 30. Qxa2 g6 31. Qe2 b5 32. Qe3 Qb2 33. Ng4 Re6
34. Rf1 Qxb4 35. cxb5 Qxb5 36. Qf2 Re7 37. d4 exd4 38. Qxd4 Qg5 39. e5 h5 40.
Nf6+ Kg7 41. e6 Qd5 42. Nxh5+ Kf8 43. Qh8# 1-0

[Event "3. ODEM U25 2006"]
[Site "Willingen GER"]
[Date "2006.06.09"]
[Round "8"]
[White "Berger, Manuel"]
[Black "Zimmerer, David"]
[Result "1/2-1/2"]
[Termination "normal"]
[Board "42"]
[WhiteElo "1129"]
[BlackElo "1226"]
[PlyCount "114"]
[WhiteFideId "24692506"]
[BlackFideId "4620224"]
[EventCountry "GER"]
[EventRounds "9"]
[EventType "swiss"]
[EventDate "2006.06.03"]

1. c4 e5 2. Nc3 d6 3. g3 Nc6 4. Bg2 g6 5. e4 Bg7 6. Nge2 Be6 7. d3 Qd7 8. O-O
Bh3 9. a3 Bxg2 10. Kxg2 Nh6 11. h3 O-O 12. b4 f5 13. Nd5 f4 14. gxf4 exf4 15.
Bxf4 Bxa1 16. Bxh6 Bg7 17. Bxg7 Qxg7 18. Qa1 Qxa1 19. Rxa1 Rf7 20. f4 Raf8 21.
Rf1 Nd8 22. c5 c6 23. Ndc3 dxc5 24. bxc5 Ne6 25. Kg3 Nxc5 26. d4 Ne6 27. d5
cxd5 28. Nxd5 Rc8 29. f5 gxf5 30. Rxf5 Kg7 31. Kg4 Rxf5 32. Kxf5 Kf7 33. h4 Rc2
34. Nef4 Nxf4 35. Nxf4 Rf2 36. e5 Rxf4+ 37. Kxf4 Ke6 38. Ke4 b5 39. Kd4 a5 40.
Kc5 b4 41. axb4 axb4 42. Kxb4 Kxe5 43. Kc3 Kf4 44. Kd2 Kg4 45. Ke2 Kxh4 46. Kf1
Kh3 47. Kg1 h5 48. Kh1 Kg3 49. Kg1 h4 50. Kh1 h3 51. Kg1 Kf3 52. Kh2 Kg4 53.
Kh1 Kh4 54. Kh2 Kg4 55. Kh1 Kg3 56. Kg1 h2+ 57. Kh1 Kh3 1/2-1/2

[Event "3. ODEM U25 2006"]
[Site "Willingen GER"]
[Date "2006.06.09"]
[Round "8"]
[White "Gogol, Max"]
[Black "Plumbaum, Nadja"]
[Result "0-1"]
[Termination "normal"]
[Board "43"]
[WhiteElo "1220"]
[BlackElo "971"]
[PlyCount "58"]
[WhiteFideId "4620429"]
[BlackFideId "24691941"]
[EventCountry "GER"]
[EventRounds "9"]
[EventType "swiss"]
[EventDate "2006.06.03"]

1. d4 d5 2. Nf3 Nc6 3. e3 Nf6 4. c3 e6 5. Bd3 Bd6 6. Nbd2 Bd7 7. O-O O-O 8. Re1
a6 9. e4 dxe4 10. Nxe4 Be7 11. Qc2 h6 12. Nxf6+ Bxf6 13. Bh7+ Kh8 14. Bd3 Re8
15. Bf4 b5 16. Be4 Ra7 17. Bxc6 Bxc6 18. Ne5 Bxe5 19. Rxe5 Qf6 20. Bg3 Bd5 21.
Rae1 Rc8 22. a3 c5 23. dxc5 Rxc5 24. f3 Rb7 25. Bf2 Rc8 26. Bd4 Qh4 27. Bf2 Qf6
28. Rh5 b4 29. Bd4 Qxd4+ 0-1

[Event "3. ODEM U25 2006"]
[Site "Willingen GER"]
[Date "2006.06.09"]
[Round "8"]
[White "Durmisi, Valon"]
[Black "Stövesand, Peter"]
[Result "1-0"]
[Termination "normal"]
[Board "44"]
[WhiteElo "1570"]
[BlackElo "1050"]
[PlyCount "91"]
[BlackFideId "1270624"]
[EventCountry "GER"]
[EventRounds "9"]
[EventType "swiss"]
[EventDate "2006.06.03"]

1. e4 e5 2. Nf3 Nc6 3. Bc4 Bc5 4. Nc3 Nf6 5. d3 d6 6. Bg5 h6 7. Bh4 Bg4 8. h3
Bxf3 9. Qxf3 Nd4 10. Qd1 c6 11. Qd2 Qe7 12. Ne2 O-O 13. Nxd4 exd4 14. O-O a5
15. a4 Qe5 16. Rac1 Nd7 17. Qe2 d5 18. Bb3 Bd6 19. Bg3 Qe6 20. Bxd6 Qxd6 21.
exd5 cxd5 22. Qg4 Nf6 23. Qxd4 Qb4 24. Qxb4 axb4 25. Rfe1 Ra5 26. Re7 b5 27.
axb5 Rxb5 28. Rce1 g6 29. Rc7 Ra5 30. Rb7 g5 31. Rxb4 h5 32. Rb6 Kg7 33. c4
dxc4 34. Bxc4 Rc8 35. Rb7 Kh6 36. Rxf7 Kg6 37. Rb7 g4 38. h4 g3 39. fxg3 Ng4
40. Bf7+ Kh6 41. Re6+ Kg7 42. Bxh5+ Kf8 43. Bxg4 Rd8 44. Rf6+ Kg8 45. Be6+ Kh8
46. Rh6# 1-0

[Event "3. ODEM U25 2006"]
[Site "Willingen GER"]
[Date "2006.06.09"]
[Round "8"]
[White "Naundorf, Jo-Jan"]
[Black "Scheidel, Marius"]
[Result "1-0"]
[Termination "normal"]
[Board "45"]
[WhiteElo "1244"]
[BlackElo "1014"]
[PlyCount "77"]
[EventCountry "GER"]
[EventRounds "9"]
[EventType "swiss"]
[EventDate "2006.06.03"]

1. e4 c5 2. Nf3 Nc6 3. d4 cxd4 4. Nxd4 Nf6 5. Nc3 e5 6. Ndb5 d6 7. a4 a6 8. Na3
Be6 9. Nc4 Rc8 10. Be3 Nd4 11. Bxd4 Bxc4 12. Bxc4 Rxc4 13. Be3 Nxe4 14. Qd3 d5
15. Nxe4 Rxe4 16. O-O Rc4 17. Rfd1 f6 18. c3 Rc6 19. Qxd5 Qxd5 20. Rxd5 Rd6 21.
Rad1 Rxd5 22. Rxd5 Be7 23. b4 Kf7 24. Bb6 Rc8 25. Rd3 e4 26. Re3 f5 27. g3 Rc6
28. a5 Ke6 29. f3 Bg5 30. Re2 Bf6 31. fxe4 Bxc3 32. exf5+ Kxf5 33. Re7 Kf6 34.
Rxb7 Rc4 35. Ra7 Rxb4 36. Rxa6 Kf5 37. Ra7 Ra4 38. Rc7 Ke4 39. Rxc3 1-0

[Event "3. ODEM U25 2006"]
[Site "Willingen GER"]
[Date "2006.06.09"]
[Round "8"]
[White "Heinrich, Philipp"]
[Black "Giesen, Frank"]
[Result "1-0"]
[Termination "normal"]
[Board "46"]
[WhiteElo "1180"]
[BlackElo "901"]
[PlyCount "33"]
[EventCountry "GER"]
[EventRounds "9"]
[EventType "swiss"]
[EventDate "2006.06.03"]

1. e4 e5 2. Nf3 Nc6 3. Bc4 Bc5 4. c3 d6 5. d4 exd4 6. cxd4 Bb4+ 7. Nc3 Nf6 8.
O-O O-O 9. Re1 d5 10. exd5 Nxd5 11. Nxd5 Bxe1 12. Qxe1 Bg4 13. Bf4 Bxf3 14.
gxf3 Nxd4 15. Qe4 Ne6 16. Bd3 Nxf4 17. Qxh7# 1-0

[Event "3. ODEM U25 2006"]
[Site "Willingen GER"]
[Date "2006.06.09"]
[Round "8"]
[White "Dräger, Julian"]
[Black "Neumair, Dorian"]
[Result "1-0"]
[Termination "normal"]
[Board "47"]
[WhiteElo "1125"]
[BlackElo "950"]
[PlyCount "25"]
[EventCountry "GER"]
[EventRounds "9"]
[EventType "swiss"]
[EventDate "2006.06.03"]

1. e4 e5 2. Nf3 Nc6 3. Bc4 Bc5 4. c3 Nf6 5. d3 d6 6. b4 Bb6 7. a4 a6 8. Nbd2
Be6 9. Ng5 Bxc4 10. Nxc4 Nd7 11. Qb3 Ba7 12. Nxd6+ cxd6 13. Qxf7# 1-0

[Event "3. ODEM U25 2006"]
[Site "Willingen GER"]
[Date "2006.06.09"]
[Round "8"]
[White "Holle, Eric"]
[Black "Usov, Andreas"]
[Result "1-0"]
[Termination "normal"]
[Board "48"]
[WhiteElo "878"]
[BlackElo "1126"]
[PlyCount "107"]
[WhiteFideId "4624610"]
[BlackFideId "24601713"]
[EventCountry "GER"]
[EventRounds "9"]
[EventType "swiss"]
[EventDate "2006.06.03"]

1. e4 e5 2. Nf3 Nc6 3. Bc4 Be7 4. c3 Nf6 5. d3 h6 6. Nbd2 d6 7. Nf1 Bg4 8. h3
Bh5 9. Ng3 Bg6 10. Bb3 d5 11. Qe2 dxe4 12. dxe4 Bd6 13. O-O O-O 14. Rd1 Qc8 15.
Nh2 Bc5 16. Be3 Bd6 17. Qf3 Na5 18. Bc2 Nc4 19. Bc1 Rd8 20. Bb3 Na5 21. Bc2 Be7
22. Be3 Nc4 23. Bc1 Rxd1+ 24. Qxd1 Qd8 25. Qe2 Nd6 26. Nf3 Nd7 27. Bb3 Bf6 28.
Be3 Nxe4 29. Nxe4 Bxe4 30. Qc4 Bg6 31. Rd1 Qc8 32. Qg4 Nb6 33. Qxg6 Qe8 34.
Bxh6 Kf8 35. Bxg7+ Bxg7 36. Qf5 f6 37. Re1 Nd7 38. Be6 Nc5 39. Bd5 Rd8 40. Bc4
e4 41. Ng5 Qc6 42. Nxe4 Re8 43. Bd5 Qb5 44. Rd1 Re5 45. Qf3 Nxe4 46. Bxe4 Qxb2
47. Rd8+ Ke7 48. Rc8 Qxa2 49. Rxc7+ Kf8 50. Rxb7 a5 51. Ra7 Rc5 52. Bc2 Rc8 53.
Qb7 Qe6 54. Qxg7+ 1-0

[Event "3. ODEM U25 2006"]
[Site "Willingen GER"]
[Date "2006.06.09"]
[Round "8"]
[White "Knies, Jonas"]
[Black "Gussenberg, Torben"]
[Result "1-0"]
[Termination "normal"]
[Board "50"]
[WhiteElo "1191"]
[BlackElo "1140"]
[PlyCount "119"]
[WhiteFideId "4635167"]
[EventCountry "GER"]
[EventRounds "9"]
[EventType "swiss"]
[EventDate "2006.06.03"]

1. e4 c6 2. d4 d5 3. exd5 cxd5 4. Bd3 Nc6 5. Ne2 e6 6. Nbc3 g6 7. Be3 Bg7 8.
Qd2 Bd7 9. O-O-O Nb4 10. Bb5 Bxb5 11. Nxb5 Nc6 12. Bf4 Qb6 13. Nc7+ Kd7 14.
Nxa8 Qd8 15. Nc7 a6 16. Nxd5 exd5 17. Rhe1 Nge7 18. Bg5 f6 19. Bh6 Nf5 20. Bxg7
Nxg7 21. Nc3 Kc8 22. Qf4 Nf5 23. Re3 Re8 24. Rxe8 Qxe8 25. Nxd5 Qf7 26. Nb6+
Kd8 27. d5 Ne5 28. Nc4 Nd7 29. Nd6 Nxd6 30. Qxd6 Qg7 31. Re1 f5 32. Re2 Qh6+
33. Kb1 Qg7 34. Qe6 Qf8 35. c4 a5 36. Qe3 b6 37. Qg5+ Kc7 38. Re7 h6 39. Qe3 f4
40. Qe6 Qf5+ 41. Ka1 Qxe6 42. dxe6 Kd6 43. Rxd7+ Kxe6 44. Rb7 Kf5 45. Rxb6 h5
46. Rb5+ Ke6 47. Rxa5 h4 48. g3 hxg3 49. fxg3 fxg3 50. hxg3 Kd6 51. Rb5 Kc6 52.
a4 Kc7 53. c5 g5 54. Rb6 g4 55. a5 Kc8 56. a6 Kc7 57. a7 Kc8 58. a8=Q+ Kd7 59.
Qa7+ Kd8 60. Rb8# 1-0